00490 2200193 4500001002100000005001500021035002000036007000300056008004100059020002200100082001100122084001700133100001100150245003600161260003100197300003500228700001800263700001500281INLIS00000000000031420260114112803 a0010-0126000007ta260114 0 ind  a978-623-522-821-1 a658.81 a658.81 SUT a0 aSutadi1 aAdministrasi Transaksi Kelas XI aJakarta :bErlangga,c2024 aix + 237 hlm. ;c17,5 x 25 cm.0 aNuryati, puji0 aHarti, dwi